| 000 | 00779nam a22002177a 4500 | ||
|---|---|---|---|
| 003 | BUBTL | ||
| 008 | 180911b xxu||||| |||| 00| 0 eng d | ||
| 020 | _a9789332568587 | ||
| 082 | _a658.403/ R2926q/ 2016 | ||
| 100 |
_92015 _aRender, Barry |
||
| 245 |
_aQuantitative Analysis for Management : _cBarry Render , Ralph M. Stair and Michael E. Hanna and Trevor S. Hale and T.N. Badri |
||
| 250 | _a12th | ||
| 260 |
_aDelhi _bPearson _cc2016 |
||
| 300 |
_a[xviii], 621p . : _bill. Chart, Table ; 28cm . |
||
| 500 | _aIncludes Bibliography and Index . | ||
| 650 | 0 |
_918 _aFinance |
|
| 700 |
_92016 _aBarry Render, Ralph M. Stair and Michael E. Hanna and Trevor S. Hale and T.N. Badri |
||
| 856 |
_k0 _l0 _yDownload |
||
| 942 |
_2ddc _cBK |
||
| 999 |
_c5794 _d5794 |
||